Poesías de Costa Rica, América y España (9º año)
Αποθηκεύτηκε σε:
| Μορφή: | Βιβλίο |
|---|---|
| Γλώσσα: | Spanish |
| Έκδοση: |
San José, Costa Rica
Editorial Costa Rica
1977
|
| Θέματα: | |
| Ετικέτες: |
Προσθήκη ετικέτας
Δεν υπάρχουν, Καταχωρήστε ετικέτα πρώτοι!
|
MARC
| LEADER | 00000nam a22000007a 4500 | ||
|---|---|---|---|
| 008 | 180607b xxu||||| |||| 00| 0 spa d | ||
| 040 | |a cru BVZT | ||
| 090 | |a A-868 P-2p | ||
| 245 | |a Poesías de Costa Rica, América y España (9º año) |c Joaquín Gutiérrez y Franklin Quevedo, selección y notas | ||
| 260 | |a San José, Costa Rica |b Editorial Costa Rica |c 1977 | ||
| 300 | |a 143 páginas | ||
| 650 | |a LITERATURA COSTARRICENSE |9 17 | ||
| 650 | |a POESÍAS | ||
| 999 | |c 30530 |d 30530 | ||
| 942 | |c LIB |h A-868 P-2p |2 z | ||
